000 00431nam a22001817a 4500
003 MPLRDC
005 20220104124053.0
008 210129b ||||| |||| 00| 0 eng d
082 _a889 SJMZ v.31
100 _a卡德兰著; 莫凌译
245 _a花都奇遇
_c
250 _a初版
260 _a
_b明远社
_c1980
300 _b
490 _a世界名著. 爱的故事;31
650 _a
942 _cBK
_o889 SJMZ v.31
999 _c16405
_d16395